Революционное движение в Псковской губернии в 1905-1907 гг. : (Record no. 422990)
[ view plain ]
| 000 -LEADER | |
|---|---|
| fixed length control field | 01732nam a2200289 a 4500 |
| 003 - CONTROL NUMBER IDENTIFIER | |
| control field | AM-YeHGA |
| 005 - DATE AND TIME OF LATEST TRANSACTION | |
| control field | 20250617154941.0 |
| 008 - FIXED-LENGTH DATA ELEMENTS--GENERAL INFORMATION | |
| fixed length control field | 180322s1956 ru |||||r|||||001|0|rus|| |
| 040 ## - CATALOGING SOURCE | |
| Original cataloging agency | AM-YeHGA |
| 041 0# - LANGUAGE CODE | |
| Language code of text/sound track or separate title | rus |
| 090 ## - LOCALLY ASSIGNED LC-TYPE CALL NUMBER (OCLC); LOCAL CALL NUMBER (RLIN) | |
| -- | 425421 |
| 245 00 - TITLE STATEMENT | |
| Title | Революционное движение в Псковской губернии в 1905-1907 гг. : |
| Remainder of title | (Сборник документов) / |
| Statement of responsibility, etc. | Сост.: Г. М. Дейч, Ф. И. Бунина и Р. Я. Окунева ; Архивный отд. Упр. МВД по Псковской обл. ; Псковский педин-т им. С. М. Кирова. |
| 260 ## - PUBLICATION, DISTRIBUTION, ETC. | |
| Place of publication, distribution, etc. | Псков : |
| Name of publisher, distributor, etc. | Газ. "Псковская правда", |
| Date of publication, distribution, etc. | 1956. |
| 300 ## - PHYSICAL DESCRIPTION | |
| Extent | 298 с. ; |
| Dimensions | 20 см. |
| 504 ## - BIBLIOGRAPHY, ETC. NOTE | |
| Bibliography, etc. note | Библиогр. в подстроч. примеч. |
| 650 14 - SUBJECT ADDED ENTRY--TOPICAL TERM | |
| Topical term or geographic name entry element | История России |
| 650 14 - SUBJECT ADDED ENTRY--TOPICAL TERM | |
| Topical term or geographic name entry element | Классовая борьба |
| 650 14 - SUBJECT ADDED ENTRY--TOPICAL TERM | |
| Topical term or geographic name entry element | Общественно-политические движения в России |
| Chronological subdivision | Нач. 20 в |
| 650 14 - SUBJECT ADDED ENTRY--TOPICAL TERM | |
| Topical term or geographic name entry element | Русское революционное движение |
| General subdivision | История |
| Chronological subdivision | Нач. 20 в. |
| 653 0# - INDEX TERM--UNCONTROLLED | |
| Uncontrolled term | Первая русская революция (1905-1907) - История - Псковская губерния - Документы и материалы |
| 700 1# - ADDED ENTRY--PERSONAL NAME | |
| Personal name | Дейч, Генрих Маркович |
| Relator term | авт. |
| -- | сост. |
| Relationship | com |
| 700 1# - ADDED ENTRY--PERSONAL NAME | |
| Personal name | Бунина, Ф. И. |
| Relator term | авт. |
| -- | сост. |
| Relationship | com |
| 700 1# - ADDED ENTRY--PERSONAL NAME | |
| Personal name | Окунева, Р. Я. |
| Relator term | авт. |
| -- | сост. |
| Relationship | com |
| 710 2# - ADDED ENTRY--CORPORATE NAME | |
| Corporate name or jurisdiction name as entry element | Управление МВД по Псковской области |
| Subordinate unit | Архивный отдел |
| 710 2# - ADDED ENTRY--CORPORATE NAME | |
| Corporate name or jurisdiction name as entry element | Псковский педагогический институт им. С. М. Кирова |
| 942 ## - ADDED ENTRY ELEMENTS (KOHA) | |
| Source of classification or shelving scheme | Universal Decimal Classification |
| Koha item type | Գրքեր / Books |
| Withdrawn status | Lost status | Damaged status | Not for loan | Collection | Home library | Current library | Date acquired | Total checkouts | Full call number | Barcode | Date last seen | Price effective from | Koha item type | Public note |
|---|---|---|---|---|---|---|---|---|---|---|---|---|---|---|
| General | Fundamental Scientific Library | Fundamental Scientific Library | 14/06/2019 | РД II/62038 | FL0583256 | 14/06/2019 | 14/06/2019 | Գրքեր / Books | 30 Days Loan |
ՀՀ Գիտությունների ազգային ակադեմիայի հիմնարար գիտական գրադարան = Fundamental Scientific Library of NAS RA
All site content, except where otherwise noted, is licensed under a